banner-ar

Langman's medical embryology / (Record no. 62207)

MARC details
000 -الفاتح
حقل البيانات ثابتة الطول 01669cam a2200325 i 4500
005 - وقت وتاريخ اخر تعامل مع التسجيلة
رقم الضبط 20240530110538.0
008 - عناصر البيانات ثابتة الطول - معلومات عامة
حقل البيانات ثابتة الطول 140805s2015 paua f 001 0 eng
020 ## - الرقم الدولى المعيارى للكتب
الرقم الدولى المعيارى للكتاب 9781469897806
020 ## - الرقم الدولى المعيارى للكتب
الرقم الدولى المعيارى للكتاب 1469897806
035 ## - رقم ضبط النظام
رقم ضبط النظام (DNLM)101638684
040 ## - مصدر الفهرسة
وكالة الفهرسة الأصلية DNLM/DLC
وكالة النسخ DLC
قواعد الوصف rda
وكالة التعديل DLC
082 04 - رقم تصنيف ديوى العشرى
رقم التصنيف 612.64 /
رقم المادة S L
رقم الطبعة 21
100 1# - المدخل الرئيسى - إسم شخصى
الإسم الشخصى Sadler, T. W.
الشكل الأكمل للاسم (Thomas W.),
245 10 - بيان العنوان
العنوان Langman's medical embryology /
بيان المسئوليه,etc T.W. Sadle.
250 ## - بيان الطبعة
بيان الطبعة 13th ed.
260 ## - PUBLICATION, DISTRIBUTION, ETC. (IMPRINT)
تاريخ النشر أو التوزيع c2015.
300 ## - الوصف المادى
التعداد xiii, 407 p. :
تفاصيل ماديه اخرى للوعاء ill. (some col) ;
أبعاد الوعاء 26 cm.
500 ## - تبصرة عامة
تبصرة عامة Includes index.
650 04 - المدخل الاضافى بالموضوع-مصطلح موضوعى
مصطلح موضوعي Embryology, Human.
650 04 - المدخل الاضافى بالموضوع-مصطلح موضوعى
مصطلح موضوعي Abnormalities, Human.
650 04 - المدخل الاضافى بالموضوع-مصطلح موضوعى
مصطلح موضوعي Embryonic Development.
650 04 - المدخل الاضافى بالموضوع-مصطلح موضوعى
مصطلح موضوعي Fetal Development.
650 04 - المدخل الاضافى بالموضوع-مصطلح موضوعى
مصطلح موضوعي Congenital Abnormalities.
942 ## - عناصر المدخل الإضافي( كوها)
مصدر التصنيف او مخطط الترفيف Dewey Decimal Classification
Koha [default] item type كتاب
260 ## - PUBLICATION, DISTRIBUTION, ETC. (IMPRINT)
-- Philadelphia :
-- Wolters Kluwer,
505 0# - تبصرة محتويات-الفهرس
تبصرة المحتويات المصاغة Introduction to molecular regulation and signaling -- Gametogenesis: conversion of germ cells into male and female gametes -- First week of development: ovulation to implantation -- Second week of development: bilaminar germ disc -- Third week of development: trilaminar germ disc -- Third to eighth weeks: the embryonic period -- The gut tube and the body cavities -- Third month to birth: the fetus and placenta -- Birth defects and prenatal diagnosis -- The axial skeleton -- Muscular system -- Limbs -- Cardiovascular system -- Respiratory system -- Digestive system -- Urogenital system -- Head and neck -- Central nervous system -- Ear -- Eye-- Integumentary system.
906 ## - عنصر بيانات محلى F, LDF (RLIN)
a 7
b cbc
c orignew
d 1
e ecip
f 20
g y-gencatlg
Holdings
حالة التراجع حالة الفقد حالة تلف ليس للاعارة المكان المؤقت الموقع الحالى تاريخ الاكتساب اجمالي اﻻعارات رقم الطلب الباركود تاريخ اخر مشاهدة تاريخ تفعيل السعر نوع وعاء كوها
        مكتبة القاهرة الكبرى مكتبة القاهرة الكبرى 05/03/2016   612.64 / S L 161864 05/03/2016 05/03/2016 كتاب

Powered By

EGPV